Conditions of appointment (Record no. 110127)

MARC details
000 -LEADER
fixed length control field 01034cad a22002415a 4500
001 - CONTROL NUMBER
control field E148607
008 - FIXED-LENGTH DATA ELEMENTS--GENERAL INFORMATION
fixed length control field 091012s2009 xxk f 000 0 eng u
020 ## - INTERNATIONAL STANDARD BOOK NUMBER
International Standard Book Number 9781842195321
035 ## - SYSTEM CONTROL NUMBER
System control number (Sirsi) u148607
041 0# - LANGUAGE CODE
Language code of text/sound track or separate title eng
050 04 - LIBRARY OF CONGRESS CALL NUMBER
Classification number 380.1 $2 18
110 2# - MAIN ENTRY--CORPORATE NAME
Corporate name or jurisdiction name as entry element Royal Institution of Chartered Surveyors
Subordinate unit Real Estate Auction Group
9 (RLIN) 4349
245 00 - TITLE STATEMENT
Title Conditions of appointment
Remainder of title the impact of consumer law
Medium [electronic resource]
250 ## - EDITION STATEMENT
Edition statement 2nd ed.
260 ## - PUBLICATION, DISTRIBUTION, ETC.
Place of publication, distribution, etc. London
Name of publisher, distributor, etc. RICS
Date of publication, distribution, etc. 2009
520 ## - SUMMARY, ETC.
Summary, etc. This note briefly summarises consumer law relevant to property auctions, particularly to conditions of appointment; highlights examples of typical clauses in a conditions of appointment which are likely to be affected; and suggests model alternative clauses.
521 ## - TARGET AUDIENCE NOTE
Target audience note Advanced
590 ## - LOCAL NOTE (RLIN)
Local note KA
651 #4 - SUBJECT ADDED ENTRY--GEOGRAPHIC NAME
Geographic name United Kingdom
Chronological subdivision
690 ## - LOCAL SUBJECT ADDED ENTRY--TOPICAL TERM (OCLC, RLIN)
Topical term or geographic name as entry element Auctioneering
9 (RLIN) 6218
856 40 - ELECTRONIC LOCATION AND ACCESS
Uniform Resource Identifier <a href="https://www.rics.org/site/scripts/download_info.aspx?downloadID=3524&fileID=4033">https://www.rics.org/site/scripts/download_info.aspx?downloadID=3524&fileID=4033</a>
Public note View the item free of charge at www.rics.org...
942 ## - ADDED ENTRY ELEMENTS (KOHA)
Suppress in OPAC 0
Holdings
Withdrawn status Lost status Source of classification or shelving scheme Damaged status Not for loan Home library Current library Shelving location Date acquired Total Checkouts Full call number Barcode Date last seen Copy number Price effective from Koha item type
    Dewey Decimal Classification     Virtual Virtual Online 12/10/2009   ONLINE PUBLICATION 148607-2001 06/08/2019 1 06/08/2019 Book